000 00325 a2200157 4500
001 150890
040 _cEscola São Tomás de Aquino
100 _aSOFIA, Norma
240 1 0 _aElê... O quê?
_lpor
245 1 0 _aElê... O quê?
300 _a22
362 0 _a2013
440 1 _a
697 _aPsicologia
942 _cBK
999 _c150890
_d150890